| 000 | 01124cab a2200229 4500 | ||
|---|---|---|---|
| 001 | ABS49473 | ||
| 008 | 090401t1993 xxu||||| |||| 00| 0 eng d | ||
| 035 | _a(Sirsi) u71461 | ||
| 041 | _aeng | ||
| 245 | _aMacDougall and others v Wrexham Maelor BC | ||
| 260 | _c1993 | ||
| 350 | _a0 | ||
| 490 |
_aRating & Valuation Reporter _v1993 RVR 141-164(24) |
||
| 520 | _aCA 1 April 1993 A claim for compensation for the compulsory purchase of the leasehold interest of first claimant in a shop with offices above. Second claimant was an insurance company which employed first claimant and occupied the offices. The decision for compensating the claimants was upheld because `possession` under Land Compensation Act 1973 s37 meant physical occupation and any person in lawful possession was entitled to a disturbance payment. | ||
| 650 | _aCOMPENSATION | ||
| 650 |
_aCompulsory purchase _96228 |
||
| 650 | _aLAND COMPENSATION ACT 1973 S37 | ||
| 650 | _aLEASEHOLD INTEREST | ||
| 690 | _aENVIRONMENTAL AND LAND CONSULTANCY-PLANNING AND DEVELOPMENT-COMPULSORY PURCHASE AND COMPENSATION | ||
| 942 | _n0 | ||
| 948 | _c04/03/1997 | ||
| 999 |
_c45053 _d45053 |
||